000 nam a22 7a 4500
999 _c10838
_d10838
008 180226b ||||| |||| 00| 0 eng d
100 _aGoel,D.K.etal.
_96665
245 _aAccountancy-XII
260 _aNew Delhi
_bA.P.
_c2015